00904nam a2200289 u 4500001000400000003001000004005001700014008004100031020001500072035000800087035002100095040001300116041000800129080000700137082000800144100003700152245007000189260003200259300001800291500016000309650002300469650002200492650002500514650002300539650002200562700003000584737CO-MdUADB20260428103440.0950306s1994 spa  a8425418402 a737 a(OCoLC)434225830 ccomduadb aspa aBF 4a30510aHare Mustin, Rachel T.4auteaut10aMarcar la diferencia : psicología y construcción de los sexos aBarcelona :bHerder,c1994. a250 páginas aTitulo original : Making a difference : psychology and the construction of gender Donacion : Programa para la Mujer, Consejeria de la Presidencia : Oct/94. aIdentidad femenina 7aFeminismo2armarc aDiferencias sexuales aMujeres (Género) 7aPsicología2dcs10aMarecek, Jeanne4auteaut